Words Starting with 'SM' Quiz Stats

 Plays Quiz Updated May 1, 2018

Score 0/25 Timer 05:00
1 Play Today
% Correct
smart
92.9%
smoothie
92.8%
smell
92.4%
smuggle
91.6%
smooch
91.4%
smooth
90.7%
smog
90.6%
small
90.4%
smorgasbord
89.7%
smoke
89.4%
smother
88.6%
smock
88.5%
smile
87.6%
% Correct
smug
87.3%
smash
84.8%
smelt
84.8%
smut
84.4%
smudge
84.1%
smidgen
81.7%
smallpox
81%
smithereens
79.9%
smirk
79.6%
smolder
78.6%
smithy
78.5%
smite
68%

You're not logged in!

Compare scores with friends on all Sporcle quizzes.
OR
Log In

Show Comments

Extras

Top Quizzes Today


Score Distribution

Your Account Isn't Verified!

In order to create a playlist on Sporcle, you need to verify the email address you used during registration. Go to your Sporcle Settings to finish the process.

Report this User

Report this user for behavior that violates our Community Guidelines.

Details: